Normal view MARC view
  • Política mundial

Entry Materia

Number of records used in: 3

001 - NÚMERO DE CONTROL DEL REGISTRO

  • campo de control: 47544

003 - IDENTIFICADOR DE NUMERO DE CONTROL

  • campo de control: MX-MxUPN

005 - FECHA Y HORA DE LA ÚLTIMA TRANSACCIÓN

  • campo de control: 20221202115359.0

008 - DATOS DE LONGITUD FIJA

  • campo de control de longitud fija: 221202|| acn||babn | a|a d

040 ## - FUENTE DE LA CATALOGACIÓN

  • Centro catalogador de origen: MX-MxUPN
  • Lengua de catalogación: spa
  • Agencia de transcripción: MX-MxUPN

046 ## - FECHAS CON CODIFICACIÓN ESPECIAL

  • Fecha final para contenidos agregados: 2022

150 ## - ENCABEZAMIENTO - TEMÁTICO

  • Término de materia o nombre geográfico como elemento inicial: Política mundial
  • Subdivisión cronológica: Siglo XXI
  • Subdivisión de materia general: Pronósticos

670 ## - FUENTE EN LA QUE SE LOCALIZARON DATOS

  • Cita de la fuente: Biblioteca Gregorio Torres Quintero, 2 diciembre 2022:
  • Información localizada: (Política mundial--Siglo XXI) subdivisión general (Pronósticos)

902 ## - CATALOGADOR

  • Catalogador: Víctor Ruiz/021222